| 000 | 01830cam a2200565 i 4500 | ||
|---|---|---|---|
| 001 | 52600 | ||
| 003 | KOSZ 005 | ||
| 005 | 20240318101005.0 | ||
| 008 | 240312s2006 pl a f 100 0 pol | ||
| 015 | _aUWD 2006/24021 | ||
| 020 | _a8388724312 | ||
| 020 | _a9788388724312 | ||
| 035 | _a991032129109705066 | ||
| 035 | _a(PL-WaBN)b1862649x-48omnis_nlop | ||
| 035 | _ab1862649x | ||
| 035 | _a(OCoLC)749989949 | ||
| 035 | _a(PL)b0000001862649 | ||
| 035 | _a(EXLNZ-48OMNIS_NETWORK)9910042067005606 | ||
| 040 |
_aWA N _cWA N _dKOSZ 005/HR _dKOSZ 005/RW |
||
| 046 | _k2006 | ||
| 080 | _a004.62 | ||
| 080 | _a311 | ||
| 080 | _a61 | ||
| 080 | _a336 | ||
| 080 | _a06 | ||
| 245 | 0 | 0 |
_aStatystyka i data mining w badaniach naukowych / _c[redakcja Janusz Wątroba]. |
| 260 |
_aKraków : _bStatSoft Polska, _c2006. |
||
| 300 |
_a112 stron : _bilustracje ; _c24 cm. |
||
| 336 |
_aTekst _btxt _2rdacontent |
||
| 337 |
_aBez urządzenia pośredniczącego _bn _2rdamedia |
||
| 338 |
_aWolumin _bnc _2rdacarrier |
||
| 380 | _aKsiążki | ||
| 380 | _aPublikacje naukowe | ||
| 388 | 1 | _a2001- | |
| 500 | _aMateriały z seminariów StatSoft Polska, październik 2006 r. | ||
| 504 | _aBibliografia przy referatach. | ||
| 650 | 7 |
_aBadania naukowe _2DBN |
|
| 650 | 7 | _aData mining | |
| 650 | 7 |
_aFinanse _2DBN |
|
| 650 | 7 | _aMetody badawcze | |
| 650 | 7 |
_aStatystyka medyczna _2DBN |
|
| 655 | 7 |
_aMateriały konferencyjne _2DBN |
|
| 655 | 7 |
_aPraca zbiorowa _2DBN |
|
| 658 | _aInformatyka i technologie informacyjne | ||
| 700 | 1 |
_aWątroba, Janusz _eRedakcja |
|
| 710 | 2 |
_aStatsoft Polska _4pbl |
|
| 856 |
_uhttp://koha.tu.koszalin.pl/cgi-bin/koha/opac-detail.pl?biblionumber=52600 _yKatalog online BPK |
||
| 942 |
_2UKD _cKS |
||
| 999 |
_c52600 _d52600 |
||